00482nam a2200157Ia 4500001001000000003000500010008004100015010001100056040000900067100002000076245007300096260005500169300001000224440003900234650005100273Para_4764CHAP220125s1924 xx 000 0 und d a204694 cCHAP aHartzell, F. Z. aDusting and spraying to control grape root-worm /c F. Z. Hartzzell aGeneva, N. Y. :b Agricultural Experiment Station a29 p. aNew York Agr. Exp. Sta. Bull.; 519 aFidia viticida Control de plagas Aspersión